000 00447cam a22001457a 4500
008 180718b1975 xxu||||| |||| 00| 0 eng d
082 _aT000x54 V579
100 _aVepa, Ram K.
245 _aNew technology, a Gandhian concept
_cby Ram K. Vepa
260 _aNew Delhi
_bGandhi Book House
_c1975
300 _a375p.
650 _aTechnology - India
650 _aGandhi, M.K. - Criticism and interpretation
650 _aEconomic development - India
999 _c356224
_d356224